| 000 | 00813nam a22002777a 4500 | ||
|---|---|---|---|
| 003 | CHAP | ||
| 005 | 20220329140721.0 | ||
| 008 | 971013s1965 r 00010 d | ||
| 010 | _a56467 | ||
| 011 | _a57439 | ||
| 035 | _a61594 | ||
| 040 | _cCHAP | ||
| 082 |
_a332.71 _bZ4 |
||
| 100 | 0 | 0 |
_aZevada, Ricardo José. _9123985 |
| 245 | _aApuntes sobre el crédito ejidal | ||
| 260 |
_a(s.l.) : _b(s.e.), _c1965 |
||
| 300 | _a354 h. | ||
| 590 |
_aBATCH-UPD _b10 _c20130110 _lUCH01 _h0546 |
||
| 590 |
_aBATCH-UPD _b10 _c20130410 _lUCH01 _h0227 |
||
| 590 |
_aBATCH-UPD _b10 _c20130914 _lUCH01 _h1101 |
||
| 590 |
_aCONVERSION _b10 _c20130109 _lUCH01 _h1330 |
||
| 650 | 1 | 4 |
_aCrédito agrícola _zMéxico. _929089 |
| 901 | _aBK | ||
| 942 | _cLIBRO | ||
| 949 |
_a332.71 Z4 _bBC _cLIBRO _d33724000338810 _eLIBRO _h44556 _i61594 _mD _si |
||
| 999 |
_c56467 _d56467 |
||